Cases in financial reporting : (Record no. 9466)

MARC details
000 -LEADER
fixed length control field 00966nac a22002291u 4500
010 ## - LIBRARY OF CONGRESS CONTROL NUMBER
LC control number 2006620092
020 ## - INTERNATIONAL STANDARD BOOK NUMBER
International Standard Book Number 0131881205
082 04 - DEWEY DECIMAL CLASSIFICATION NUMBER
Classification number 657.3
Item number HIR
090 ## - LOCALLY ASSIGNED LC-TYPE CALL NUMBER (OCLC); LOCAL CALL NUMBER (OCLC)
-- 9466
-- 9466
100 ## - MAIN ENTRY--PERSONAL NAME
Personal name Hirst, D. Eric,
245 10 - TITLE STATEMENT
Title Cases in financial reporting :
Remainder of title an integrated approach with an emphasis on earnings and persistence /
Statement of responsibility, etc D. Eric Hirst, Mary Lea McAnally.
250 ## - EDITION STATEMENT
Edition statement 5th ed.
260 ## - PUBLICATION, DISTRIBUTION, ETC. (IMPRINT)
Place of publication, distribution, etc Upper Saddle River, N.J. :
Name of publisher, distributor, etc Pearson/Prentice Hall,2006
Date of publication, distribution, etc c2006.
300 ## - PHYSICAL DESCRIPTION
Extent 1 v. (various pagings) :
Other physical details ill. ;
Dimensions 28 cm.
500 ## - GENERAL NOTE
General note distributer: Al-Ahram
511 ## - PARTICIPANT OR PERFORMER NOTE
Participant or performer note catalogued by: wessam
650 #0 - SUBJECT ADDED ENTRY--TOPICAL TERM
Topical term or geographic name as entry element Financial statements
Form subdivision Case studies.
650 #0 - SUBJECT ADDED ENTRY--TOPICAL TERM
Topical term or geographic name as entry element Corporations
General subdivision Accounting
Form subdivision Case studies.
700 1# - ADDED ENTRY--PERSONAL NAME
Personal name McAnally, Mary Lea.
856 41 - ELECTRONIC LOCATION AND ACCESS
Materials specified Table of contents only
Uniform Resource Identifier <a href="http://www.loc.gov/catdir/toc/fy0701/2006620092.html">http://www.loc.gov/catdir/toc/fy0701/2006620092.html</a>
942 ## - ADDED ENTRY ELEMENTS (KOHA)
Item type Book - Borrowing
Call number prefix 657.3HIR
Holdings
Withdrawn status Item status Damaged status Not for loan Home library Current library Shelving location Date acquired Source of acquisition Total Checkouts Full call number Barcode Date last seen Date last borrowed Koha item type
        Central Library Central Library First floor 08/05/2013 Purchase 1 657.3HIR 000011343 15/07/2025 18/12/2008 Book - Borrowing